Cartes Clash Royale - Statistiques

Statistiques générales
  • Ce quiz a été pris 6 170 fois
    6 123 depuis la dernière actualisation
  • Le résultat moyen est 52 sur 103
Statistiques - réponses
Arènes Cartes % Correct
4 Sorcier
86%
Camp Géant
84%
7 Prince
83%
Camp Chevalier
80%
1 Gobelins
80%
5 Sorcière
79%
3 Barbares
78%
5 Électrocution
78%
6 La bûche
78%
Camp Boule de feu
77%
2 Squelettes
77%
4 Pekka
76%
Camp Archers
75%
7 Méga chevalier
74%
Camp Mini pekka
74%
11 Électro-sorcier
72%
Camp Flèches
72%
5 Princesse
71%
8 Sorcier de glace
70%
2 Armée de squelettes
69%
2 Bébé dragon
67%
10 Golem
67%
8 Esprit de glace
66%
3 Canon
65%
5 Chevaucheur de cochon
65%
3 Fût à gobelin
65%
4 Tour de l'enfer
65%
Camp Gargouilles
63%
11 Tesla
63%
8 Foudre
62%
7 Géant royal
62%
4 Mineur
62%
Camp Mousquetaire
62%
9 Dragon de l'enfer
61%
11 Zappy
61%
2 Valkyrie
60%
7 Prince ténébreux
59%
6 Roquette
59%
6 Ballon
58%
14 Bûcheron
58%
1 Gobelins à lances
58%
8 Gel
57%
14 Sorcière de la nuit
57%
10 Barbares d'élite
56%
14 Rage
55%
4 Squelette géant
54%
13 Esprit de guérison
53%
10 Molosse de lave
53%
12 Cimetière
51%
11 Électro-géant
50%
9 Poison
50%
10 Horde de gargouilles
49%
11 Électro-dragon
48%
13 Voleuse
48%
9 Cabane de gobelins
47%
3 Fût à barbare
47%
9 Gang de gobelins
47%
8 Golem de glace
47%
15 Mamie sorcière
47%
13 Archer magique
45%
9 Gobelin géant
45%
2 Pierre tombale
45%
6 Arc-X
44%
10 Fournaise
44%
2 Bombardier
43%
14 Cabane de barbares
43%
8 Méga boule de neige
43%
10 Cavabélier
42%
6 Mortier
42%
9 Gobelin à sarbacane
40%
12 Séisme
40%
12 Tour à bombes
40%
7 Trois mousquetaires
40%
14 Artificière
39%
7 Cochons royaux
39%
5 Chauves-souris
38%
12 Fût à squelettes
37%
12 Miroir
37%
15 Clonage
36%
15 Pêcheur
36%
13 Bouliste
35%
12 Fantôme royal
35%
15 Tornade
35%
11 Électro-esprit
34%
4 Esprits de feu
34%
12 Gardes
34%
1 Cage gobeline
33%
3 Méga gargouille
33%
5 Sapeurs
33%
13 Extracteur d'élixir
31%
14 Bourreau
30%
3 Bélier de combat
26%
4 Dragons squelettes
26%
7 Recrues royales
26%
15 Colis royal
25%
6 Machine volante
25%
11 Électrocuteurs
23%
13 Fripons
23%
10 Chasseur
22%
15 Charette à canon
19%
14 Golem élixir
19%
15 Guérisseuse armée
19%
13 Foreuse gobelin
16%
Aucun quiz correspondant
Distribution des résultats
% des personnes avec chaque résultat
Percentile par nombre de réponses
Votre historique - résultats
Vous n’avez pas pris ce quiz depuis la dernière actualisation